Estudios culturales : (Record no. 246)
[ view plain ]
| 000 -LEADER | |
|---|---|
| campo de control de longitud fija | 01127nam a2200289 4500 |
| 001 - NÚMERO DE CONTROL | |
| campo de control | 005285 |
| 003 - IDENTIFICADOR DE NÚMERO DE CONTROL | |
| campo de control | AR-CdUEA |
| 005 - FECHA Y HORA DE LA ÚLTIMA TRANSACCIÓN | |
| campo de control | 20220326193257.0 |
| 008 - DATOS DE LONGITUD FIJA--INFORMACIÓN GENERAL | |
| campo de control de longitud fija | 090912s1998____ag_||||||||||_||||||spa|d |
| 020 ## - NÚMERO INTERNACIONAL ESTÁNDAR DEL LIBRO | |
| Número Internacional Estándar del Libro | 9501265064 |
| 040 ## - FUENTE DE CATALOGACIÓN | |
| Centro catalogador/agencia de origen | AR-CdUEA |
| Centro/agencia transcriptor | asdfghjl |
| 082 ## - NÚMERO DE LA CLASIFICACIÓN DECIMAL DEWEY | |
| Número de clasificación | 306 |
| Número de ítem | J31e |
| 100 1# - ENTRADA PRINCIPAL--NOMBRE DE PERSONA | |
| Nombre de persona | Jameson, Fredric, |
| Fechas asociadas al nombre | 1934- |
| 9 (RLIN) | 1139 |
| 245 10 - MENCIÓN DEL TÍTULO | |
| Título | Estudios culturales : |
| Resto del título | reflexiones sobre el Multiculturalismo / |
| Mención de responsabilidad, etc. | Frederic Jameson y Slavoj Zizek ; introducción de Eduardo grüner. |
| 260 ## - PUBLICACIÓN, DISTRIBUCIÓN, ETC. | |
| Lugar de publicación, distribución, etc. | Buenos Aires : |
| Nombre del editor, distribuidor, etc. | Paidós, |
| Fecha de publicación, distribución, etc. | 1998 |
| 300 ## - DESCRIPCIÓN FÍSICA | |
| Extensión | 188 p. ; |
| Dimensiones | 21 cm. |
| 490 0# - MENCIÓN DE SERIE | |
| Mención de serie | Espacios del saber ; |
| Designación de volumen o secuencia | 6 |
| 500 ## - NOTA GENERAL | |
| Nota general | Tipo de documento: LIBRO |
| 505 0# - NOTA DE CONTENIDO CON FORMATO | |
| Título | El retorno de la teoría crítica de la cultura : una introducción alegórica a Jameson y Zizek -- |
| -- | Sobre los estudios culturales -- |
| -- | Multiculturalismo, o la lógica cultural del capitalismo multinacional |
| 650 #4 - PUNTO DE ACCESO ADICIONAL DE MATERIA--TÉRMINO DE MATERIA | |
| Término de materia o nombre geográfico como elemento de entrada | POSMODERNIDAD |
| 9 (RLIN) | 1140 |
| 650 #4 - PUNTO DE ACCESO ADICIONAL DE MATERIA--TÉRMINO DE MATERIA | |
| Término de materia o nombre geográfico como elemento de entrada | cultura |
| 9 (RLIN) | 113 |
| 650 #4 - PUNTO DE ACCESO ADICIONAL DE MATERIA--TÉRMINO DE MATERIA | |
| Término de materia o nombre geográfico como elemento de entrada | CULTURA CONTEMPORANEA |
| 9 (RLIN) | 942 |
| 650 #4 - PUNTO DE ACCESO ADICIONAL DE MATERIA--TÉRMINO DE MATERIA | |
| Término de materia o nombre geográfico como elemento de entrada | MULTICULTURALISMO |
| 9 (RLIN) | 1141 |
| 650 #4 - PUNTO DE ACCESO ADICIONAL DE MATERIA--TÉRMINO DE MATERIA | |
| Término de materia o nombre geográfico como elemento de entrada | ESTUDIOS CULTURALES |
| 9 (RLIN) | 1142 |
| 650 #4 - PUNTO DE ACCESO ADICIONAL DE MATERIA--TÉRMINO DE MATERIA | |
| Término de materia o nombre geográfico como elemento de entrada | ENSAYOS SOCIOLOGICOS |
| 9 (RLIN) | 1143 |
| 700 1# - ENTRADA AGREGADA--NOMBRE PERSONAL | |
| Nombre de persona | Zizek, Slavoj, |
| Fechas asociadas al nombre | 1949- |
| 9 (RLIN) | 1144 |
| Estatus retirado | Estado de pérdida | Fuente del sistema de clasificación o colocación | Estado de daño | No para préstamo | Biblioteca de origen | Biblioteca actual | Ubicación en estantería | Fecha de adquisición | Total de préstamos | Signatura topográfica completa | Código de barras | Visto por última vez | Precio de reemplazo | Tipo de ítem Koha |
|---|---|---|---|---|---|---|---|---|---|---|---|---|---|---|
| Clasificación Decimal Dewey | Biblioteca LadoV | Biblioteca LadoV | 23/06/2014 | 306 J31e | 000272 | 23/06/2014 | 23/06/2014 | Material 01 |
